Y-7 BİR DÜNYA GEZGİNİ İBNİ BATTUTA (Record no. 588901)

MARC details
000 -LEADER
sabit uzunluktaki kontrol alanı 00286nam a2200109Ia 4500
001 - KONTROL NUMARASI
kontrol alanı 588901
005 - EN SON İŞLEMİN TARİH VE ZAMANI
kontrol alanı 20250717120839.0
008 - SABİT-UZUNLUKTA VERİ ÖĞELERİ--GENEL BİLGİ
sabit uzunluktaki kontrol alanı 250717s9999 xx 000 0 und d
245 #0 - ESER / YAZAR
ESER ADI Y-7 BİR DÜNYA GEZGİNİ İBNİ BATTUTA
Yazar Adı NAZAN VARLI
260 ## - YAYIN, DAĞITIM, VB.
YAYIN EVİ ERDEM YAYINLARI
Yayın, dağıtım tarihi, vb. 2020
300 ## - FİZİKSEL AÇIKLAMA
Diğer fiziksel ayrıntılar 115

No items available.